The new constructivism in international relations theory (Registro nro. 325399)
[ vista simple ]
| 000 -ENCABEZADO | |
|---|---|
| Número de control [NR] | 02993nam a22003017a 4500 |
| 005 - FECHA Y HORA DE LA ÚLTIMA TRANSACCIÓN | |
| control field | 20250411084510.0 |
| 008 - DE LONGITUD FIJA DE DATOS DE ELEMENTOS - INFORMACIÓN GENERAL | |
| Elementos de longitud fija [NR] | 250411b ||||| |||| 00| 0 eng d |
| 020 ## - NUMERO INTERNACIONAL NORMALIZADO PARA LIBROS [R] | |
| Número Internacional Normalizado del libro [NR] | 9781529217827 |
| 020 ## - NUMERO INTERNACIONAL NORMALIZADO PARA LIBROS [R] | |
| Número Internacional Normalizado del libro [NR] | 9781529217834 |
| 020 ## - NUMERO INTERNACIONAL NORMALIZADO PARA LIBROS [R] | |
| Número Internacional Normalizado del libro [NR] | 9781529217841 |
| 020 ## - NUMERO INTERNACIONAL NORMALIZADO PARA LIBROS [R] | |
| Número Internacional Normalizado del libro [NR] | 9781529217858 |
| 040 ## - FUENTE DE CATALOGACION [NR] | |
| Agencia de catalogación original [NR] | CO-BoUCM |
| Quien Cataloga | David Moreno |
| Quien Clasifica | David Moreno |
| 041 ## - CODIGO DE IDIOMA [R] | |
| Código de idioma para texto/pista de sonido o título separado [R] | Inglés |
| 100 1# - ASIENTO PRINCIPAL--NOMBRE PERSONAL [NR] | |
| Nombre personal [NR] | McCourt, David M. |
| ID Autoridad | 185342 |
| 245 14 - MENCION DE TITULO [NR] | |
| Título [NR] | The new constructivism in international relations theory |
| Mención de responsabilidad, etc. [NR] | David M. McCourt. |
| 250 ## - MENCION DE EDICION [NR] | |
| Mención de edición [NR] | 1a.Ed |
| 260 ## - PUBLICACION, DISTRIBUCION, ETC. (PIE DE IMPRENTA) [R] | |
| Lugar de publicación, distribución, etc. [R] | Bristol, Inglaterra |
| Nombre del editor, distribuidor, etc. [R] | Bristol University Press, University of Bristol |
| Fecha de publicación, distribución, etc. [R] | 2022 |
| 300 ## - DESCRIPCION FISICA [R] | |
| Extensión [R] | x, 214 Paginas |
| 504 ## - NOTA DE BIBLIOGRAFIA, ETC. [R] | |
| Nota de bibliografía, etc. [NR] | Incluye referencias bibliográficas e índices |
| 505 ## - NOTA DE CONTENIDO CON FORMATO PREESTABLECIDO [R] | |
| Mención de responsabilidad [R] | Front Cover -- The New Constructivism in International Relations Theory -- Copyright information -- Table of contents -- Preface -- Introduction -- Plan of the chapter -- Constructivism in International Relations: a constructivist stocktaking -- The social life of International Relations Constructivism -- The New Constructivism: overview of the main argument -- The core features of the New Constructivism -- Why bother? -- Likely criticisms: on paradigmatic thinking and 'sociolatry' -- Moving beyond the 'isms'?91 -- Method, not madness -- Plan of the book -- Acknowledgements -- 1 The Old Constructivism -- The virtues of the Old Constructivism16 -- Culture and norms in international politics -- State identity and narrative knowing -- The narrowing of Constructivism -- The Old Constructivism's problematic dichotomies -- Conclusion -- Acknowledgements -- 2 The New Constructivism -- Practice-relationalism: the New Constructivism -- Practice theory, relationalism and practice-relationalism -- Overcoming Constructivism's dualisms -- Russian foreign policy and the West: an illustration -- Conclusion -- 3 Rules, Law, and Language in the New Constructivism -- Introduction -- Language -- The body and the birth of the state -- Rules -- Practice, practices, and rules in international politics -- Rules all the way down -- Law -- Sovereignty between politics and law -- From the rule of law to rule through law -- Re-reading Onuf's World of Our Making -- Conclusion -- Acknowledgements -- 4 World-Making: Experts and Professionals in the New Constructivism -- Introduction -- Beyond norm entrepreneurs and communities of practice -- Norm entrepreneurs and international political change -- Communities of practice -- Experts, expertise, and political interventions -- The peace industry -- Inventing 'terrorism' -- Diplomacy -- The counter-piracy 'assemblage'. |
| 650 14 - ASIENTO SECUNDARIO DE MATERIA - TERMINO TEMATICO [R] | |
| Término temático o nombre geográfico como elemento de entrada [NR] | Relaciones internacionales |
| Subdivisión general [R] | Filosofía |
| 9 (RLIN) | 83256 |
| 650 14 - ASIENTO SECUNDARIO DE MATERIA - TERMINO TEMATICO [R] | |
| Término temático o nombre geográfico como elemento de entrada [NR] | Política internacional |
| Subdivisión general [R] | Enfoques teóricos |
| 9 (RLIN) | 185343 |
| 650 14 - ASIENTO SECUNDARIO DE MATERIA - TERMINO TEMATICO [R] | |
| Término temático o nombre geográfico como elemento de entrada [NR] | Identidad nacional |
| Subdivisión general [R] | Aspectos internacionales |
| 9 (RLIN) | 185344 |
| 650 14 - ASIENTO SECUNDARIO DE MATERIA - TERMINO TEMATICO [R] | |
| Término temático o nombre geográfico como elemento de entrada [NR] | Normas internacionales |
| Subdivisión general [R] | Influencia social |
| 9 (RLIN) | 185345 |
| 653 ## - TERMINO DE INDIZACION - NO CONTROLADO [R] | |
| Término de indización no controlado [R] | Constructivismo (Relaciones internacionales) |
| 942 ## - ELEMENTOS DE ENTRADA AGREGADOS (KOHA) | |
| Sistema de clasificación | DEWEY |
| Tema principal | Generalidades |
| Tipo de ítem principal el descrito en 300a | Libro |
| Edición | 1 |
| Clasificación | 327.10 |
| Parte restante de la signatura top. | M478n |
| Título oculto en OPAC | No |
| Fecha de último préstamo | Total préstamos | Signatura topográfica | Código de barras | Última vez visto | Ejemplar | Price effective from | Tipo de ítem | Perdido | Sistema de clasificación | Dañado | No prestable | Tipo de ítem específico | Suprimido | Ubicación habitual | Ubicación actual | Localización | Fecha de creación | Forma de adquisición | Costo |
|---|---|---|---|---|---|---|---|---|---|---|---|---|---|---|---|---|---|---|---|
| 25/04/2025 | 1 | 327.101 M478n | 100173845 | 03/12/2025 | Ej.1 | 11/04/2025 | Libro | DEWEY | Libro | Claustro | Claustro | 3er piso | 11/04/2025 | Compra | 178772.00 |